| 000 | 01470 a2200229 4500 | ||
|---|---|---|---|
| 003 | NUST | ||
| 005 | 20221121133149.0 | ||
| 010 | _a 97019521 | ||
| 020 | _a013263807X | ||
| 040 | _cNust | ||
| 082 | 0 | 0 | _a515.353,HAB |
| 100 | 1 |
_aHaberman, Richard, _9103270 |
|
| 245 | 1 | 0 |
_aElementary applied partial differential equations : _bwith Fourier series and boundary value problems / _cRichard Haberman. |
| 250 | _a3rd ed. | ||
| 260 |
_aUpper Saddle River, NJ : _bPrentice Hall, _cc1998. |
||
| 300 |
_axiv, 736 p. : _bill. ; _c25 cm. |
||
| 505 | _aHeat Equation (Page-1), Methods of Separation of Variables (Page-32), Fourier Seres (Page-86), Vibrating Strings and Membranes (Page-130), Sturm-Liouville Eigenvalue Problems (Page-151),An Elementary Discussion of Finite Difference Numerical Methods (Page-215), Partial Differntial Equations with At Least Indepedent (Page-266),Nonhomogeneous Problems (Page-337), Green'n Functions for Time-Independent Problems (Page-370), Infinite Domain Problems -Fourier Transform Solutions of Partial (Page-434),Green' s Functions for Time - Dependent Problems (Page-495), The Method of Characteristics for Linear and Quasi-Linear Wave Equations (Page-525), Brief Introduction to Laplace Transform Solutio of Partial Diferential Equationns (Page-568), Topics (Page-598), | ||
| 650 | 0 |
_aBoundary value problems. _9689 |
|
| 650 | 0 | _aDifferential equations, Partial. | |
| 650 | 0 |
_aFourier series. _939035 |
|
| 942 |
_cBK _2ddc _k515.353,HAB |
||
| 999 |
_c175347 _d175347 |
||